YOUTUBERZY KTÓRZY MAJĄ NAJWIĘCEJ SUBÓW W POLSCE - Statystyki

Ogólne statystyki
  • Ten quiz został rozwiązany 601 razy
  • Średni wynik to 6 z 15
Statystyki odpowiedzi
CYFRA YOUTUBER % Poprawnych
1 blowek
97%
6 friz
91%
2 stuu
79%
3 rezigiusz
77%
10 5 sposobów na...
49%
4 sa wardega
45%
7 naruciak
41%
5 abstrachujeTV
31%
11 IsAmU
30%
12 Kamerzysta
22%
9 Planeta Faktów
22%
8 Disco Marek
18%
13 karolek
17%
15 Multi
16%
14 izak live
14%
Nie znaleziono quizów pasujących do podanych kryteriów
Rozkład punktacji
Procent ludzi z każdym wynikiem
Percentyl według liczby udzielonych odpowiedzi
Twoja historia wyników
Nie rozwiązałeś tego quizu